<?xml version="1.0" encoding="UTF-8"?>
<record
    xmlns:xsi="http://www.w3.org/2001/XMLSchema-instance"
    xsi:schemaLocation="http://www.loc.gov/MARC21/slim http://www.loc.gov/standards/marcxml/schema/MARC21slim.xsd"
    xmlns="http://www.loc.gov/MARC21/slim">

  <leader>01057cam a2200241 a 4500</leader>
  <controlfield tag="001">000006500</controlfield>
  <controlfield tag="005">20200929153936.0</controlfield>
  <controlfield tag="008">900426s1989    cl a         f000 0 spa d</controlfield>
  <datafield tag="020" ind1=" " ind2=" ">
    <subfield code="a">9586430499 (tapa dura)</subfield>
  </datafield>
  <datafield tag="040" ind1=" " ind2=" ">
    <subfield code="a">DO-SdBNP</subfield>
    <subfield code="b">spa</subfield>
    <subfield code="c">BNPHU</subfield>
  </datafield>
  <datafield tag="082" ind1=" " ind2=" ">
    <subfield code="a">986.1</subfield>
    <subfield code="b">E36r</subfield>
  </datafield>
  <datafield tag="245" ind1="0" ind2="4">
    <subfield code="a">Los ejercitos del rey /</subfield>
    <subfield code="c">compilaci&#xF3;n y pr&#xF3;logo Alberto Lee Lopez.</subfield>
  </datafield>
  <datafield tag="260" ind1=" " ind2=" ">
    <subfield code="a">Bogot&#xE1;, Colombia :</subfield>
    <subfield code="b">Fundaci&#xF3;n para la conmemoraci&#xF3;n del bicentenario del natalicio y el sesquicentenario de la muerte del general Francisco de Paula Santander,</subfield>
    <subfield code="c">1989.</subfield>
  </datafield>
  <datafield tag="300" ind1=" " ind2=" ">
    <subfield code="a">v. ;</subfield>
    <subfield code="c">26 cm.</subfield>
  </datafield>
  <datafield tag="490" ind1="1" ind2=" ">
    <subfield code="a">Documentos ;</subfield>
    <subfield code="v">16</subfield>
  </datafield>
  <datafield tag="490" ind1="1" ind2=" ">
    <subfield code="a">Biblioteca de la Presidencia de la Rep&#xFA;blica</subfield>
  </datafield>
  <datafield tag="504" ind1=" " ind2=" ">
    <subfield code="a">Bibliogr&#xE1;f&#xED;a : p. 365-366.</subfield>
  </datafield>
  <datafield tag="505" ind1="0" ind2=" ">
    <subfield code="g">v. 2.</subfield>
    <subfield code="t">1818-1819.</subfield>
  </datafield>
  <datafield tag="700" ind1="1" ind2=" ">
    <subfield code="a">Lee-Lopez, Alberto,</subfield>
    <subfield code="e">comp.</subfield>
    <subfield code="9">18020</subfield>
  </datafield>
  <datafield tag="710" ind1="1" ind2=" ">
    <subfield code="a">Fundaci&#xF3;n para la conmemoraci&#xF3;n del bicentenario del natalicio y el sesquicentenario de la muerte del general Francisco de Paula Santander.</subfield>
    <subfield code="9">18021</subfield>
  </datafield>
  <datafield tag="830" ind1=" " ind2="0">
    <subfield code="a">Documentos ;</subfield>
    <subfield code="n">16</subfield>
    <subfield code="9">18022</subfield>
  </datafield>
  <datafield tag="830" ind1=" " ind2="0">
    <subfield code="a">Biblioteca de la Presidencia de la Rep&#xFA;blica</subfield>
    <subfield code="9">7504</subfield>
  </datafield>
  <datafield tag="952" ind1=" " ind2=" ">
    <subfield code="0">0</subfield>
    <subfield code="1">0</subfield>
    <subfield code="5">0</subfield>
    <subfield code="7">1</subfield>
    <subfield code="8">MO</subfield>
    <subfield code="a">GR</subfield>
    <subfield code="b">GR</subfield>
    <subfield code="c">HD</subfield>
    <subfield code="d">2009-08-31</subfield>
    <subfield code="i">LF1</subfield>
    <subfield code="l">0</subfield>
    <subfield code="o">986.1 E36r</subfield>
    <subfield code="p">6500-10</subfield>
    <subfield code="r">2020-06-25</subfield>
    <subfield code="w">2020-06-25</subfield>
    <subfield code="y">1</subfield>
    <subfield code="Z">No se presta</subfield>
  </datafield>
  <datafield tag="999" ind1=" " ind2=" ">
    <subfield code="c">6291</subfield>
    <subfield code="d">6291</subfield>
  </datafield>
</record>
